00471nam a2200133Ia 4500082001200000100002000012245010600032260003000138300002100168650004700189650002000236650006200256710001900318 aTI.0029 aInigo, R. Maria 0aBanks' financing of small scale industries in Tamil Nadu with special reference to Sivaganga District c1998bAlagappa University a317p. + C D - 36 aBANKS AND BANKING - TAMIL NADU - SIVAGANGA aWORKING CAPITAL aSMALL SCALE INDUSTRIES - FINANCE - TAMIL NADU - SIVAGANGA aNeelamegam, R.